Ronnie O'Sullivan Ranking Titles - Statistics

General Stats
  • This quiz has been taken 28 times
  • The average score is 23 of 37
Answer Stats
Year Ranking Title % Correct
2001 World Championship
96%
2004 World Championship
96%
2008 World Championship
96%
2012 World Championship
96%
2013 World Championship
96%
2020 World Championship
96%
1993 UK Championship
91%
1997 UK Championship
91%
2001 UK Championship
91%
2007 UK Championship
91%
2014 UK Championship
91%
2017 UK Championship
91%
2018 UK Championship
91%
1998 Scottish Open
87%
2000 Scottish Open
87%
2017 English Open
74%
2004 Welsh Open
74%
2005 Welsh Open
74%
2014 Welsh Open
74%
2016 Welsh Open
74%
1999 China Open
61%
2000 China Open
61%
2009 Shanghai Masters
52%
2017 Shanghai Masters
52%
2012 German Masters
48%
2018 World Grand Prix
43%
1994 British Open
35%
2018 Players Championship
35%
2019 Players Championship
35%
2019 Tour Championship
30%
2004 Grand Prix
26%
1996 German Open
13%
2003 Irish Masters
13%
2005 Irish Masters
13%
1996 Asian Classic
4%
2003 European Open
4%
2008 Northern Ireland Trophy
4%
No matching quizzes found
Score Distribution
Percent of People with Each Score
Percentile by Number Answered
Your Score History
You have not taken this quiz